000 00626nam a2200253Ia 4500
003 OSt
005 20230606120833.0
008 210323s9999||||xx |||||||||||||| ||und||
040 _cSTCPL
041 _aENG
082 _a541.363
_bGUR-P
100 _aGurtu, J.N.
100 _aRazdan, S.
245 0 _aPhase rule /
_cby J.N. Gurtu and S. Razdan
250 _a3rd. ed.
260 _aMeerut :
_bPragati Prakashan ,
_c1975 .
300 _a160p.
_bHB
650 _aChemistry
650 _aPhysical And Theoretical Chemistry
650 _aPhase rule and equilibrium
942 _cBK
942 _2ddc
942 _2ddc
999 _c35282
_d35281